01297nas a2200349 4500001001300000003000900013005001700022007000300039008003400042040005400076041000900130072000800139100002600147100002400173100001900197100002200216100001600238100002100254100000600275245009500281246006800376650003300444650002000477650002900497650001600526773011200542856007000654909004000724942001800764999001900782952014600801BR2013002912BR-BrBNA20231205122207.0ta230509b bl.|||p| |||| 00| 00por d aBR-BrBNAbporcBiblioteca Nacional de Agricultura a(Pt) aF061 aNascimento, A.K.S. do1 aSouza, R.O.R. de M.1 aLima, S.C.R.V.1 aCarvalho, C.M. de1 aRocha, B.M.1 aLeite, K. do N. 1 a 1 aDesempenho hidráulico e manejo da irrigação em sistema irrigado por microaspersão 1 aHydraulic performance and management of microirrigation system  aIRRIGAÇÃO POR ASPERSÃO aMICROASPERSÃO aIRRIGAÇÃO LOCALIZADA aPERFORMANCE0 tRevista Brasileira de Agricultura Irrigada (Brazil)xISSN 1982-7679g(2009), v. 3(1) p. 39-45wBR201300291240uhttp://www.inovagri.org.br/download/03/Artigo_5_RBAI_PT013_09.pdf a202311bLúciac55dLúcia Elande 2AGRISn0cANA c227393d227393 002AGRIS4071a41918b41918cPeriódicos Agrícolash(2009), v. 3(1) p. 39-45l0r2023-11-29t01yCRePortaria Interministerial nº 164/94